000 01254cam a2200229 4500
001 WB4013-14
008 040331n2004 000 0 eng u
035 _a(Sirsi) u125697
245 _aOrganic farming developments
260 _c2004
490 _aScottish Executive News Release
_v(SEEN829o/2004) 30 March 2004 (3)
520 _aThe Scottish Executive has announced new regulations for payment rates and support for the organic fruit and vegetable sector. The Organic Aid Scheme (Scotland) Regulations 2001 come into force on 1 May 2004. They include increases in grants to encourage the conversion of organic land; capital grants to support activities for conversion and contributions towards the costs of preparing a conversion plan. The new regulations were introduced in the "Organic Annual Report", available on the Scottish Executive website, http://www.scotland.gov.uk/library5/environment/oa r04-00.asp. http://scotland.gov.uk/pages/news/2004/03/SEEn829o .aspx
590 _aWB
590 _aWB
650 _aORGANIC FOOD PRODUCTION
650 _aSCOTLAND
650 _aORGANIC AID SCHEME
650 _aORGANIC CONVERSION PAYMENTS
650 _aSTATUTORY INSTRUMENTS
690 _aRURAL-AGRICULTURE AND FORESTRY
942 _n0
999 _c117155
_d117155